| 000 | 01307nam a2200265Ia 4500 | ||
|---|---|---|---|
| 003 | Ost | ||
| 005 | 20260507074925.0 | ||
| 008 | 260507s9999||||xx |||||||||||||| ||und|| | ||
| 020 | _a9789957243760 | ||
| 040 | _cfsecg | ||
| 041 | _aara | ||
| 082 | _a658.15 | ||
| 100 |
_aالحاج، طارق _eمؤلف |
||
| 245 | 0 |
_aالإقتصادي الإداري / _c طارق الحاج |
|
| 260 |
_aعمان: _bدار صفاء, _c2009 |
||
| 300 |
_a260 صفحة؛ _bإيضاحات ؛ _c25 سم |
||
| 504 | _aببليوغرافيا: ص.260 | ||
| 520 | _aالاقتصاد الاداري وأهميته، طبيعة الأسواق وعمل المشروعات، دراسة الطلب وتحليله والتنبؤ بالطلب والمبيعات، قرارات الانتاج والايرادات، تكاليف الانتاج، تحليل ارباح المشروع، الأسعار والسياسة السعرية للمشروعات، قرارات المشروعات بخصوص الأجور والحوافز، التركز واتحادات المنتجين، الكفاء الانتاجية للمشروعات | ||
| 653 | _aالإدارة | ||
| 653 | _aالأسواق | ||
| 653 | _aالانتاج | ||
| 653 | _aالتكاليف | ||
| 700 |
_aحسن، فليح _eمؤلف ثانوي |
||
| 942 | _cكتاب | ||
| 999 |
_c41822 _d41822 |
||